00753nam a22002177a 4500003000500000005001700005008004100022010001000063011001000073035001000083040000900093100003700102245006400139260009500203300001900298410006700317490002900384650002600413810006700439830002900506CHAP20220329141951.0981022 1997 pe a r 00010 spa d a76390 a77362 a86968 cCHAP00aMiranda Zambrano, Gloriaecoord.10aAlmacenamiento de papac/coord. por Gloria Miranda Zambrano aHuancayo, Perú :bGrupo de Investigación y Desarrollo de Ciencia Andina Talpuy,c1997. a20 p. :bilus.21aGrupo de Investigación y Desarrollo de Ciencia Andina Talpuy 0aManuales técnicosv, 314aPapaxAlmacenamiento.00aGrupo de Investigación y Desarrollo de Ciencia Andina Talpuy0 aManuales técnicosv, 3